College Football Matchups: Tulane - Statistics

General Stats
  • This quiz has been taken 43 times
    10 since last reset
  • The average score is 14 of 16
Answer Stats
Games Opponent Subdivision % Correct
27 Houston Power 4
100%
30 Louisiana Group of 5
100%
99 LSU Power 4
100%
30 SMU Power 4
100%
41 Alabama Power 4
88%
38 Auburn Power 4
88%
25 Georgia Power 4
88%
50 Georgia Tech Power 4
88%
42 Memphis Group of 5
88%
58 Mississippi State Power 4
88%
75 Ole Miss Power 4
88%
38 Rice Group of 5
88%
34 Southern Miss Group of 5
88%
48 Vanderbilt Power 4
75%
25 Army Group of 5
63%
26 Navy Group of 5
63%
No matching quizzes found
Score Distribution
Percent of People with Each Score
Percentile by Number Answered
Your Score History
You have not taken this quiz since the last reset